000 00259nam a2200097Ia 4500
001 1221532
005 20250827092831.0
008 250824s9999 xx 000 0 und d
245 0 _aDÜNYAYA NASIL HÜKMEDERSİN
_cTIBOR FISCHER
260 _bA.P.R.I.L YAYINCILIK
999 _c1221532
_d1221532